<?xml version="1.0" encoding="UTF-8"?>
<collection xmlns="http://www.loc.gov/MARC21/slim">
 <record>
  <leader>02299nam a2200361 a 4500</leader>
  <controlfield tag="001">1/47939</controlfield>
  <controlfield tag="008">181023s2014    gr       b    00010 gre  </controlfield>
  <datafield tag="020" ind1=" " ind2=" ">
   <subfield code="a">9789605621445</subfield>
  </datafield>
  <datafield tag="035" ind1=" " ind2=" ">
   <subfield code="l">50934</subfield>
  </datafield>
  <datafield tag="040" ind1=" " ind2=" ">
   <subfield code="a">GR-PeUP</subfield>
  </datafield>
  <datafield tag="082" ind1="0" ind2="0">
   <subfield code="a">332.494 ΓΚΟ</subfield>
  </datafield>
  <datafield tag="100" ind1="1" ind2=" ">
   <subfield code="a">Γκόρτσος, Χρήστος Βλ.</subfield>
  </datafield>
  <datafield tag="245" ind1="1" ind2="0">
   <subfield code="a">Εισαγωγή στο δίκαιο της οικονομικής και νομισματικής ένωσης :</subfield>
   <subfield code="b">γενικό μέρος: ιστορική διάσταση και θεσμικές διατάξεις /</subfield>
   <subfield code="c">Χρήστος Βλ. Γκόρτσος.</subfield>
  </datafield>
  <datafield tag="260" ind1="0" ind2=" ">
   <subfield code="a">Αθήνα :</subfield>
   <subfield code="b">Νομική Βιβλιοθήκη,</subfield>
   <subfield code="c">2014.</subfield>
  </datafield>
  <datafield tag="300" ind1=" " ind2=" ">
   <subfield code="a">xxv, 420 σ. :</subfield>
   <subfield code="b">πίν. ;</subfield>
   <subfield code="c">24 εκ.</subfield>
  </datafield>
  <datafield tag="490" ind1="1" ind2="0">
   <subfield code="a">Σειρά Μελετών Διεθνούς και Ευρωπαϊκού Οικονομικού Δικαίου - ECEFIL ;</subfield>
  </datafield>
  <datafield tag="504" ind1=" " ind2=" ">
   <subfield code="a">Περιέχει βιβλιογραφία.</subfield>
  </datafield>
  <datafield tag="610" ind1="2" ind2="4">
   <subfield code="a">Ευρωπαϊκή Ενωση</subfield>
   <subfield code="x">Οικονομική ενοποίηση.</subfield>
  </datafield>
  <datafield tag="610" ind1="2" ind2="4">
   <subfield code="a">Ευρωπαική Ένωση</subfield>
   <subfield code="x">Νομισματική πολιτική.</subfield>
  </datafield>
  <datafield tag="650" ind1=" " ind2="4">
   <subfield code="a">Economic and Monetary Union.</subfield>
  </datafield>
  <datafield tag="650" ind1=" " ind2="4">
   <subfield code="a">European System of Central Banks.</subfield>
  </datafield>
  <datafield tag="650" ind1=" " ind2="4">
   <subfield code="a">Τραπεζικό δίκαιο</subfield>
   <subfield code="z">Ευρωπαϊκή Ένωση.</subfield>
  </datafield>
  <datafield tag="650" ind1=" " ind2="4">
   <subfield code="a">Οικονομική και Νομισματική Ένωση.</subfield>
  </datafield>
  <datafield tag="650" ind1=" " ind2="4">
   <subfield code="a">European System of Central Banks.</subfield>
  </datafield>
  <datafield tag="650" ind1=" " ind2="4">
   <subfield code="a">Ευρωπαικό Σύστημα Κεντρικών Τραπεζών.</subfield>
  </datafield>
  <datafield tag="650" ind1=" " ind2="4">
   <subfield code="a">Νομισματικό δίκαιο.</subfield>
  </datafield>
  <datafield tag="650" ind1=" " ind2="4">
   <subfield code="a">Ευρωπαϊκό δίκαιο.</subfield>
  </datafield>
  <datafield tag="650" ind1=" " ind2="4">
   <subfield code="a">Κοινοτικό δίκαιο.</subfield>
  </datafield>
  <datafield tag="650" ind1=" " ind2="4">
   <subfield code="a">Χρήμα</subfield>
   <subfield code="x">Δίκαιο και νομοθεσία</subfield>
   <subfield code="z">Ευρωπαϊκή Ένωση, Χώρες της.</subfield>
  </datafield>
  <datafield tag="650" ind1=" " ind2="4">
   <subfield code="a">Τράπεζες και τραπεζικές εργασίες, Κεντρικές</subfield>
   <subfield code="z">Ευρωπαϊκή Ένωση, Χώρες της.</subfield>
  </datafield>
  <datafield tag="650" ind1=" " ind2="4">
   <subfield code="a">Monetary policy</subfield>
   <subfield code="z">European Economic Community countries.</subfield>
  </datafield>
  <datafield tag="830" ind1=" " ind2="0">
   <subfield code="a">Σειρά Μελετών Διεθνούς και Ευρωπαϊκού Οικονομικού Δικαίου - ECEFIL ;</subfield>
   <subfield code="v">8</subfield>
  </datafield>
  <datafield tag="852" ind1=" " ind2=" ">
   <subfield code="a">INST</subfield>
   <subfield code="b">UNIPILB</subfield>
   <subfield code="c">MAIN</subfield>
   <subfield code="e">20181023</subfield>
   <subfield code="h">332.494 ΓΚΟ</subfield>
   <subfield code="p">00179877</subfield>
   <subfield code="q">00179877</subfield>
   <subfield code="t">LOAN</subfield>
   <subfield code="y">0</subfield>
   <subfield code="4">1</subfield>
  </datafield>
 </record>
</collection>
